World Capitals by Letter H - Map Quiz - Statistics

General Stats
  • This quiz has been taken 212 times
  • The average score is 5 of 5
Answers on the Map
Answers color-coded by a green-red scale on the quiz's map according to % correct below.
 
Answer Stats
Answer % Correct
Havana
100%
Hanoi
98%
Helsinki
98%
Harare
97%
Honiara
97%
No matching quizzes found
Score Distribution
Percent of People with Each Score
Percentile by Number Answered
Your Score History
You have not taken this quiz